Statistiques concernant Focus sur: Dáin II - Tolkien

Cliquez ici pour prendre le quiz!

Statistiques générales

  • Ce quiz a été pris 16 fois
  • Le résultat moyen est 9 sur 12

Statistiques - réponses

Informations recherchéesRéponses% Correct
Première apparitionLe Hobbit
100%
EspèceNain
100%
Age durant lequel il vécutTroisième
100%
Professions et titresRoi d'Erebor
93%
Roi des Monts de Fer
93%
Couleur des cheveuxRoux puis gris
93%
RoyaumesErebor
87%
SurnomPied-d'Acier
73%
Monts de Fer
67%
Maison (lignée)Durin
60%
FilsThorin III
60%
Acteur l'interprétant dans les filmsBilly Connolly
7%

Distribution des résultats

Percentile par nombre de réponses

% des personnes avec chaque résultat

Votre développement - résultats

Vous n’avez pas pris ce quiz